Statistics for Game of Thrones: Houses of Dorne

Click here to take the quiz!

General Stats

  • This quiz has been taken 10 times
  • The average score is 18 of 29

Answer Stats

Answer% Correct
Martell
100%
Dayne of High Hermitage
86%
Dayne of Starfall
86%
Manwoody
86%
Uller
86%
Yronwood
86%
Allyrion
71%
Blackmont
71%
Dalt
71%
Fowler
71%
Jordayne
71%
Qorgyle
71%
Drinkwater
57%
Gargalen
57%
Santagar
57%
Vaith
57%
Wyl
57%
Briar
43%
Brook
43%
Brownhill
43%
Dryland
43%
Holt
43%
Hull
43%
Ladybright
43%
Lake
43%
Shell
43%
Toland
43%
Wade
43%
Wells
43%

Score Distribution

Percentile by Number Answered

Percent of People with Each Score

Your Score History

You have not taken this quiz